| 000 | 01470nam a22003137a 4500 | ||
|---|---|---|---|
| 001 | 12363101 | ||
| 005 | 20230929090751.0 | ||
| 008 | 230929b |||||||| |||| 00| 0 eng d | ||
| 010 | _a 2001035028 | ||
| 020 | _a0521630142 | ||
| 020 | _a0521639859 (pbk.) | ||
| 040 |
_aDLC _cKMU _dKMU _erda |
||
| 042 | _apcc | ||
| 050 | 0 | 0 |
_aQH75.A1 _bFra |
| 100 | 1 |
_aFrankham, Richard, _d1942- |
|
| 245 | 1 | 0 |
_aIntroduction to conservation genetics / _cRichard Frankham, Jonathan D. Ballou, and David A. Briscoe ; line drawings by Karina H. McInness. |
| 260 |
_aCambridge, UK ; _aNew York : _bCambridge University Press, _c2002. |
||
| 300 |
_axxi, 617 p. : _bill., maps ; _c26 cm. |
||
| 504 | _aIncludes bibliographical references (p. [567]-606) and index. | ||
| 650 | 0 | _aGermplasm resources. | |
| 700 | 1 |
_aBriscoe, David A. _q(David Anthony), _d1947- |
|
| 700 | 1 |
_aBallou, J. D. _q(Jonathan D.) |
|
| 856 | 4 | 2 |
_3Publisher description _uhttp://www.loc.gov/catdir/description/cam021/2001035028.html |
| 856 | 4 | 1 |
_3Table of contents _uhttp://www.loc.gov/catdir/toc/cam025/2001035028.html |
| 856 | 4 | 2 |
_3Contributor biographical information _uhttp://www.loc.gov/catdir/enhancements/fy0731/2001035028-b.html |
| 906 |
_a7 _bcbc _corignew _d1 _eocip _f20 _gy-gencatlg |
||
| 942 |
_2lcc _cBK _n0 |
||
| 999 |
_c612 _d612 |
||